| 000 | 00374pab a2200157 454500 | ||
|---|---|---|---|
| 008 | 180718b1999 xxu||||| |||| 00| 0 eng d | ||
| 100 | _aDandavate, Madhu | ||
| 245 | _aNot a constitutional fiction | ||
| 260 | _c1999 | ||
| 300 | _ap.13 | ||
| 362 | _a20 Jul | ||
| 650 | _aPolitics and government | ||
| 650 | _aConstitutions | ||
| 773 | _aHindustan Times | ||
| 909 | _a43175 | ||
| 999 |
_c43175 _d43175 |
||